[Event "HUN-chT2 Toth 2324"]
[Site "Hungary"]
[Date "2024.04.07"]
[Round "7.8"]
[White "Meljan, David"]
[Black "Kovacs, Gabor"]
[Result "1/2-1/2"]
[WhiteElo "1887"]
[BlackElo "1988"]
[PlyCount "106"]
[EventDate "2023.10.08"]
[EventType "team-tourn"]
[EventRounds "9"]
[EventCountry "HUN"]
[SourceTitle "EXT 2025"]
[Source "ChessBase"]
[SourceDate "2024.10.14"]
[SourceVersion "1"]
[SourceVersionDate "2024.10.14"]
[SourceQuality "1"]
[WhiteTeam "Kecskemet Takisz"]
[BlackTeam "Egyetem Neumann"]
[WhiteTeamCountry "HUN"]
[BlackTeamCountry "HUN"]

1. d4 Nf6 2. Bg5 Ne4 3. Bf4 d5 4. Nd2 Bf5 5. e3 e6 6. Ngf3 Nd7 7. Nxe4 Bxe4 8. Bd3 Nf6 9. 0-0 Be7 10. c4 0-0 11. Rc1 c6 12. Bxe4 Nxe4 13. Nd2 Nd6 14. c5 Ne8 15. b4 a6 16. Qb3 Nc7 17. a4 Qd7 18. Rb1 Rfc8 19. Nf3 f6 20. Bxc7 Qxc7 21. b5 axb5 22. axb5 Qa5 23. g3 Kf7 24. Qd3 g6 25. Rb3 b6 26. cxb6 Qxb6 27. bxc6 Qxc6 28. Rb2 Rab8 29. Rxb8 Rxb8 30. Rb1 Rc8 31. h3 Bd6 32. Kg2 Rc7 33. Rb5 Qc4 34. Qb1 Qc2 35. Qxc2 Rxc2 36. g4 h6 37. Rb7+ Rc7 38. Rxc7+ Bxc7 39. Nd2 e5 40. f3 Ke6 41. Kf2 Bb6 42. Nb3 f5 43. Kg3 f4+ 44. Kf2 exd4 45. exd4 Kd6 46. Ke2 Kc6 47. Kd3 Kb5 48. Kc3 Ba5+ 49. Nxa5 Kxa5 50. Kb3 Kb5 51. h4 g5 52. h5 Ka5 53. Ka3 Kb5 1/2-1/2

[Event "HUN-chT2 Toth 2324"]
[Site "Hungary"]
[Date "2024.03.10"]
[Round "6.5"]
[White "Berczi, Peter"]
[Black "Kovacs, Gabor"]
[Result "1-0"]
[WhiteElo "1981"]
[BlackElo "1990"]
[PlyCount "95"]
[EventDate "2023.10.08"]
[EventType "team-tourn"]
[EventRounds "9"]
[EventCountry "HUN"]
[SourceTitle "EXT 2025"]
[Source "ChessBase"]
[SourceDate "2024.10.14"]
[SourceVersion "1"]
[SourceVersionDate "2024.10.14"]
[SourceQuality "1"]
[WhiteTeam "Meritum Egyesulet"]
[BlackTeam "Egyetem Neumann"]
[WhiteTeamCountry "HUN"]
[BlackTeamCountry "HUN"]

1. g3 Nf6 2. Bg2 d5 3. Nf3 g6 4. b3 Bg7 5. Bb2 0-0 6. c4 c6 7. 0-0 Bf5 8. d3 Nbd7 9. Nbd2 Qb6 10. Rc1 Rac8 11. Rc2 Rfe8 12. Qa1 Nh5 13. Bxg7 Nxg7 14. Rfc1 Nf6 15. h3 h6 16. Nf1 Be6 17. Qe5 dxc4 18. bxc4 Nf5 19. g4 Nd7 20. Qf4 g5 21. Qd2 Nd4 22. Rb2 Nxf3+ 23. Bxf3 Qc7 24. Ng3 Nf6 25. a4 Rb8 26. a5 Red8 27. Kg2 b6 28. Qc3 c5 29. Rcb1 bxa5 30. Rxb8 Rxb8 31. Rxb8+ Qxb8 32. Qxa5 Qb6 33. Qxb6 axb6 34. Bc6 Kg7 35. e3 Kg6 36. f4 Bd7 37. f5+ Kg7 38. Bxd7 Nxd7 39. d4 f6 40. Kf3 Kf7 41. Ke4 cxd4 42. exd4 e6 43. fxe6+ Kxe6 44. Nf5 Nf8 45. Nxh6 Ng6 46. Nf5 Kd7 47. Ne3 Nf4 48. h4 1-0

[Event "HUN-chT2 Toth 2324"]
[Site "Hungary"]
[Date "2024.03.03"]
[Round "5.8"]
[White "Kelemen, Sandor"]
[Black "Kovacs, Gabor"]
[Result "0-1"]
[WhiteElo "1941"]
[BlackElo "1990"]
[PlyCount "72"]
[EventDate "2023.10.08"]
[EventType "team-tourn"]
[EventRounds "9"]
[EventCountry "HUN"]
[SourceTitle "EXT 2025"]
[Source "ChessBase"]
[SourceDate "2024.10.14"]
[SourceVersion "1"]
[SourceVersionDate "2024.10.14"]
[SourceQuality "1"]
[WhiteTeam "Felegyhaza Csongrad"]
[BlackTeam "Egyetem Neumann"]
[WhiteTeamCountry "HUN"]
[BlackTeamCountry "HUN"]

1. e4 c5 2. Nc3 e6 3. Bc4 a6 4. a4 Qc7 5. Nf3 Nf6 6. 0-0 d6 7. d3 Be7 8. h3 0-0 9. Qe2 Nc6 10. Be3 b6 11. d4 cxd4 12. Nxd4 Bb7 13. f4 Rfe8 14. f5 Nxd4 15. Bxd4 d5 16. exd5 exd5 17. Bd3 Bc5 18. Qf2 Ne4 19. Nxe4 Bxd4 20. Qxd4 dxe4 21. Be2 Rad8 22. Qc4 Qe5 23. Rad1 e3 24. Qh4 f6 25. c3 Rd2 26. Qh5 Red8 27. Rfe1 Qg3 28. Qg4 Qf2+ 29. Kh2 h6 30. Rxd2 Rxd2 31. Bc4+ Kh8 32. Re2 Rxe2 33. Bxe2 a5 34. Bc4 Qxb2 35. Qg6 Bc6 36. Qf7 Qxg2# 0-1

[Event "HUN-chT2 Toth 2324"]
[Site "Hungary"]
[Date "2024.02.18"]
[Round "4.9"]
[White "Mohay, Henrik"]
[Black "Kovacs, Gabor"]
[Result "0-1"]
[WhiteElo "1491"]
[BlackElo "1981"]
[PlyCount "94"]
[EventDate "2023.10.08"]
[EventType "team-tourn"]
[EventRounds "9"]
[EventCountry "HUN"]
[SourceTitle "EXT 2025"]
[Source "ChessBase"]
[SourceDate "2024.10.14"]
[SourceVersion "1"]
[SourceVersionDate "2024.10.14"]
[SourceQuality "1"]
[WhiteTeam "Bekesszentandras"]
[BlackTeam "Egyetem Neumann"]
[WhiteTeamCountry "HUN"]
[BlackTeamCountry "HUN"]

1. d4 Nf6 2. Nf3 g6 3. g3 Bg7 4. Bg2 0-0 5. 0-0 d5 6. c4 c6 7. Nbd2 Bf5 8. b3 Nbd7 9. Bb2 Ne4 10. Nxe4 Bxe4 11. Nd2 Bxg2 12. Kxg2 Qb6 13. e3 e5 14. dxe5 Nxe5 15. cxd5 Rad8 16. Bxe5 Bxe5 17. Nc4 Qc7 18. Nxe5 Qxe5 19. Qf3 Rxd5 20. Rfd1 Rfd8 21. Qe2 Qe4+ 22. Kg1 R8d6 23. Rxd5 Qxd5 24. Rc1 h5 25. h4 Qa5 26. Rc2 Qd8 27. Qc4 Qd7 28. Qf4 Rd1+ 29. Kg2 Qd3 30. Qc4 Qf5 31. e4 Qe5 32. Kf3 Rd4 33. Qe2 Qd6 34. Kg2 Rd1 35. Qe3 b6 36. Qe2 c5 37. Qe3 Rd3 38. Qe2 Qd4 39. Kg1 Qa1+ 40. Kg2 Qd4 41. Kg1 b5 42. Rxc5 Rxg3+ 43. Kh2 Rg4 44. Rg5 Rxe4 45. Qf3 Rf4 46. Qg3 Rxf2+ 47. Kh3 Qd7+ 0-1

[Event "HUN-chT2 Breyer 2122"]
[Site "Hungary"]
[Date "2022.04.10"]
[Round "9.8"]
[White "Szukics, Adam"]
[Black "Kovacs, Gabor"]
[Result "0-1"]
[WhiteElo "2169"]
[BlackElo "2032"]
[PlyCount "106"]
[EventDate "2021.10.10"]
[EventType "team-tourn"]
[EventRounds "9"]
[EventCountry "HUN"]
[SourceTitle "EXT 2025"]
[Source "ChessBase"]
[SourceDate "2024.10.14"]
[SourceVersion "1"]
[SourceVersionDate "2024.10.14"]
[SourceQuality "1"]
[WhiteTeam "Barcza BEAC"]
[BlackTeam "Naszaly Geniusz Tata"]
[WhiteTeamCountry "HUN"]
[BlackTeamCountry "HUN"]

1. e4 e5 2. Nf3 Nc6 3. Bb5 a6 4. Ba4 Nf6 5. 0-0 Be7 6. d3 d6 7. c4 0-0 8. h3 Nd7 9. Nc3 Nc5 10. Bxc6 bxc6 11. Re1 f5 12. b4 fxe4 13. dxe4 Ne6 14. Qd3 Qe8 15. a4 Qh5 16. Ne2 a5 17. Bd2 axb4 18. Bxb4 Nf4 19. Nxf4 Rxf4 20. Re3 Be6 21. a5 c5 22. Bd2 Rff8 23. Nh2 Bg5 24. Re2 Bxd2 25. Rxd2 Qf7 26. Rc2 Ra6 27. Ra4 Rfa8 28. Qd2 Qd7 29. Ra3 Qf7 30. Ra4 Qd7 31. Ra3 Qf7 32. Ra4 Qg6 33. Qe1 Bxh3 34. g3 Rb8 35. Ra3 Be6 36. Nf3 Rb4 37. Nd2 Qh5 38. Rc1 Qe8 39. Qe3 h6 40. Kg2 Qa8 41. f4 exf4 42. gxf4 Rxa5 43. Rca1 Rxa3 44. Rxa3 Qb7 45. Qd3 Rb2 46. Kg3 Qb4 47. Rc3 Ra2 48. f5 Bf7 49. Kf4 Qb2 50. Nf3 Qg2 51. Rb3 Bh5 52. Qd5+ Kh7 53. e5 Rf2 0-1

[Event "HUN-chT2 Breyer 2122"]
[Site "Hungary"]
[Date "2022.02.13"]
[Round "6.9"]
[White "Fekete, Laszlo"]
[Black "Kovacs, Gabor"]
[Result "1-0"]
[WhiteElo "1715"]
[BlackElo "1550"]
[PlyCount "59"]
[EventDate "2021.10.10"]
[EventType "team-tourn"]
[EventRounds "9"]
[EventCountry "HUN"]
[SourceTitle "EXT 2025"]
[Source "ChessBase"]
[SourceDate "2024.10.14"]
[SourceVersion "1"]
[SourceVersionDate "2024.10.14"]
[SourceQuality "1"]
[WhiteTeam "Esztergom"]
[BlackTeam "Torokbalint"]
[WhiteTeamCountry "HUN"]
[BlackTeamCountry "HUN"]

1. e4 c5 2. c4 Nc6 3. Nc3 e6 4. g3 g6 5. Bg2 Bg7 6. Nge2 Nge7 7. 0-0 0-0 8. a3 d6 9. d3 Qd7 10. Rb1 b6 11. b4 Bb7 12. h3 Rad8 13. Kh2 h6 14. f4 f5 15. Qb3 Kh7 16. Be3 e5 17. bxc5 Nd4 18. Bxd4 exd4 19. c6 Nxc6 20. Nd5 Na5 21. Qd1 Bc6 22. Qd2 Nb7 23. Nb4 Rc8 24. Nxc6 Rxc6 25. exf5 Rc5 26. fxg6+ Kxg6 27. Be4+ Kf7 28. f5 Rh8 29. Nf4 h5 30. Ne6 1-0